A növényi cirkadián óra szerepének vizsgálata a fotoreceptor gének kifejeződésének szabályozásában

Elmentve itt :
Bibliográfiai részletek
Szerző: Tóth Réka
További közreműködők: Nagy Ferenc (Témavezető)
Dokumentumtípus: Disszertáció
Megjelent: 2004
Tárgyszavak:
mtmt:31169845
Online Access:http://doktori.ek.szte.hu/63
LEADER 01104nta a2200229 i 4500
001 dokt63
005 20200214123629.0
008 100512s2004 hu om 0|| hun d
024 7 |a 31169845  |2 mtmt 
040 |a SZTE Doktori Repozitórium  |b hun 
041 |a hun 
100 1 |a Tóth Réka 
245 1 2 |a A növényi cirkadián óra szerepének vizsgálata a fotoreceptor gének kifejeződésének szabályozásában  |h [elektronikus dokumentum] /  |c  Tóth Réka 
246 1 0 |a Analysis of regulatory function of circadian clock on photoreceptor gene expression  |h [elektronikus dokumentum] 
260 |c 2004 
502 |a Disszertacio 
650 4 |a biológiai tudományok 
700 1 |a Nagy Ferenc  |e ths 
856 4 0 |u https://doktori.bibl.u-szeged.hu/id/eprint/63/7/2003_toth_reka.pdf  |z Dokumentum-elérés  
856 4 0 |u https://doktori.bibl.u-szeged.hu/id/eprint/63/8/2003_toth_reka_tezis_hun.pdf  |z Dokumentum-elérés  
856 4 0 |u https://doktori.bibl.u-szeged.hu/id/eprint/63/2/tz_en1027.pdf  |z Dokumentum-elérés  
856 4 0 |u https://doktori.bibl.u-szeged.hu/id/eprint/63/9/2003_toth_reka_birl.pdf  |z Dokumentum-elérés